Ecology of seed dispersal (Registro nro. 10983)

Detalles MARC
000 -CABECERA
Campo de control 004580000a22001570004500
090 ## - CLASIFICACIÓN LOCAL
Colección AR
Consecutivo 01906
041 0# - IDIOMA
Código de idioma para texto/pista de sonido o título separado
100 1# - ASIENTO PRINCIPAL--NOMBRE PERSONAL
Nombre personal Howe, Henry F.
245 10 - MENCION DE TITULO
Título Ecology of seed dispersal
650 14 - ASIENTO SECUNDARIO DE MATERIA - TERMINO TEMATICO
Término temático o nombre geográfico como elemento de entrada Patrones de dispersión de semillas
650 14 - ASIENTO SECUNDARIO DE MATERIA - TERMINO TEMATICO
Término temático o nombre geográfico como elemento de entrada Evolución
650 14 - ASIENTO SECUNDARIO DE MATERIA - TERMINO TEMATICO
Término temático o nombre geográfico como elemento de entrada Ecología
700 1# - ASIENTO SECUNDARIO - NOMBRE PERSONAL
Nombre personal Smallwood, Judith
773 1# - Item fuente:
Título Annual Review of Ecology and Systematics
Especificación de materiales 205
Descripción física 13
Paginas del Articulo 201-228
Lugar, editorial y fecha de publicación 1982
942 ## - ELEMENTOS ADICIONALES (KOHA)
Tipo de ítem Artículo
Existencias
Withdrawn status Lost status Damaged status No para préstamo Colección Ubicación Permanente Ubicación actual Fecha de adquisición Datos de publicación Seriada Total Checkouts Número topográfico Inventario / Código de Barras Date last seen Ejemplar Price effective from Forma de adquisición Tipo de material
      No para Préstamo Hemeroteca Bogotá Bogotá 27/02/2015 Fuera de circulación   AR 01906 012275 25/03/2015 1 25/03/2015   Artículo